Eric Rohmer (Record n. 87382)

Dettagli MARC
000 -LEADER
fixed length control field 01348nam a2200289Ia 4500
001 - CONTROL NUMBER
control field F6430
003 - CONTROL NUMBER IDENTIFIER
control field IT-RoPAU
008 - FIXED-LENGTH DATA ELEMENTS--GENERAL INFORMATION
fixed length control field 130308s9999 xx 000 0 und d
040 ## - CATALOGING SOURCE
Original cataloging agency IT-RoPAU
040 ## - CATALOGING SOURCE
Transcribing agency IT-RoPAU
041 ## - LANGUAGE CODE
Language code of text/sound track or separate title ITALIANO
100 ## - MAIN ENTRY--PERSONAL NAME
Personal name Zappoli Giancarlo
100 ## - MAIN ENTRY--PERSONAL NAME
Miscellaneous information Codice Aut. SPICS: 22841
245 ## - TITLE STATEMENT
Title Eric Rohmer
245 ## - TITLE STATEMENT
Remainder of title Eric Rohmer
250 ## - EDITION STATEMENT
Edition statement 1a ed.
260 ## - PUBLICATION, DISTRIBUTION, ETC. (IMPRINT)
Place of publication, distribution, etc. MILANO
260 ## - PUBLICATION, DISTRIBUTION, ETC. (IMPRINT)
Name of publisher, distributor, etc. Il Castoro
260 ## - PUBLICATION, DISTRIBUTION, ETC. (IMPRINT)
Date of publication, distribution, etc. 1998 [1° Ed.:1998 - Ed.Ling.Originale:1998]
300 ## - PHYSICAL DESCRIPTION
Extent "176 p. (prefazione: no ; testo: 176 [pagine: 0-0])"
500 ## - GENERAL NOTE
General note Monografia su un regista Timido e Schivo Ad Ogni Pubblicità. Incerti Datae Luogo di Nascita, Anche Se Lui Afferma di Essere nato nel 1920 a Tulle (Correze). si chiama Maurice Scherer ed è di Origine Alsaziana. Usa in Genere Due Pseudonimi: Eric Rohmer e Gilbert Cordier. maestro Inimitabile Nellacostruzione di Dialoghi Intensi e di relazioni Amorose Intrecciate Alle regole del Caso. Dalla Nouvelle vague fino Ad Oggi Ha ritratto I Suoi Personaggi con Efficacia. Ricordiamo I Film: la mia Notte con Maud (1969), Il Raggio verde (1986), un Ragazzo tre ragazze (1996), Racconto D'Autunno (1998). Filmografia, videografia e Bibliografia.
650 ## - SUBJECT ADDED ENTRY--TOPICAL TERM
Topical term or geographic name as entry element AUTORI/OPERE DEL CINEMA
650 ## - SUBJECT ADDED ENTRY--TOPICAL TERM
Relator term Codice materia Spics: 6807
942 ## - ADDED ENTRY ELEMENTS (KOHA)
Koha item type LIBRO
957 ## -
-- 1
999 ## - SYSTEM CONTROL NUMBERS (KOHA)
-- 1
Dati di copia
Withdrawn status Lost status Damaged status Not for loan Home library Current library Date acquired Total Checkouts Full call number Date last seen Price effective from Koha item type Public note
    Buone Condizioni Not For Loan SPICS-MEDIATECA SPICS-MEDIATECA 08/03/2013   F6430 08/03/2013 08/03/2013 LIBRO Progressivo inserimento: 34927 / Fascicolo: 191 N. Volumi: 1 Copie: 1 / data import: 1 marzo 2013 - By Epidotti, Trombetti, Vaglietti.
CREDITS: SOCIETA' SAN PAOLO Via A.Severo, 58 - ROMA (RM) & PERIODICI SAN PAOLO SRL Via Giotto, 36 MILANO & CISF Via Giotto, 36 MILANO & EDIZIONI SAN PAOLO SRL,  Piazza Soncino, 5 CINISELLO BALSAMO (MI) -- ITALY